000 00295 a2200109 4500
082 _a515 KRE
100 _aKreyszig, Erwin
245 _aAdvanced Engineering Mathematics
_cErwin Kreyszig
250 _a9th. ed.
260 _aIslamabad
_bNational Book Foundation
300 _axvii, 1094+ p, :
_bill, ;
_c27 cm.
650 _amaths
999 _c198
_d198